Philonis Iudaei scriptoris eloquentissimi grauissimiqui libri quatuor iam primum de Graeco in Latinum conuersi: Ioanne Christophorsono Anglo interprete. I. De mundi fabricatione, quae est à Moyse descripta. II. De decem praeceptis, quae capita legum sunt. III. De magistratu, seu principe deligendo. IIII. De officio Iudicis. Errata quoq; ferè quadringenta, quae, in eisdem quatuor Iibris nuper Parisijs Graecè impressis, ex collatione exemplarium manu descriptorum depraehensa sunt, notata, correctaq; et in fine Voluminis posita.

Bibliographic Details
Main Author: Philo Judaeus, 1. storočie pred Kr.-1. storočie po Kr (Author)
Other Authors: Christopherson, John, zomrel 1558 (Translator, Dedicator, Author of afterword, colophon, etc.), Beller, Joannes, 1526-1595 (Printer)
Format: Book
Language:Latin
Greek, Ancient (to 1453)
PhysicalDescription:26 nečíslovaných strán, 149 strán, 7 nečíslovaných strán 25 cm
Subjects:

MARC

LEADER 00000nam a2200000 4500
001 vtls008863435
003 SK-MaSNL
005 20260425230335.0
008 031216s1555 be a f 01000 lat
015 |a SNBHFA 
035 |a cpl000124206 
040 |a SNKHF  |b slo  |c SNKHF  |e rda 
041 1 |a lat  |h grc 
044 |a be  |c BE 
072 7 |a 101  |x Filozofia  |2 konspekt 
080 |a 101  |2 2011 
100 0 |a Philo Judaeus,  |d 1. storočie pred Kr.-1. storočie po Kr.  |4 aut  |9 129774 
245 1 0 |a Philonis Iudaei scriptoris eloquentissimi grauissimiqui libri quatuor  |b iam primum de Graeco in Latinum conuersi: Ioanne Christophorsono Anglo interprete. I. De mundi fabricatione, quae est à Moyse descripta. II. De decem praeceptis, quae capita legum sunt. III. De magistratu, seu principe deligendo. IIII. De officio Iudicis. Errata quoq; ferè quadringenta, quae, in eisdem quatuor Iibris nuper Parisijs Graecè impressis, ex collatione exemplarium manu descriptorum depraehensa sunt, notata, correctaq; et in fine Voluminis posita. 
246 3 0 |a I. De mundi fabricatione, quae est à Moyse descripta. II. De decem praeceptis, quae capita legum sunt. III. De magistratu, seu principe deligendo. IIII. De officio Iudicis. 
264 3 |a Antverpiae  |b Apud Ioannem Bellerum, sub insigni Falconis  |c Anno M.D.LV. (1555) 
300 |a 26 nečíslovaných strán, 149 strán, 7 nečíslovaných strán  |c 25 cm 
336 |a text  |b txt  |2 rdacontent 
337 |a bez média  |b n  |2 rdamedia 
338 |a zväzok  |b nc  |2 rdacarrier 
500 |a Signet, iniciálky s ornamentálnym a figurálnym pozadím v rámčeku na 3, 5, 7 riadkov, kustody 
504 |a Tlačené marginálie 
508 |a Dedikácia: University of Cambridge; Christopherson, John 
546 |a Latinský text  |b Antikva 
546 |a Grécky text  |b Alfabeta 
563 |a Väzba: previazaná, kombinovaná kožená a plátená.  |5 SNK IC 53565 
650 0 7 |a filozofia  |2 SNKPH  |9 793 
650 0 7 |a staroveká filozofia  |2 SNKPH  |9 86869 
700 1 |a Christopherson, John,  |d zomrel 1558  |4 trl  |4 dto  |4 aft  |9 128390 
700 1 |a Nannius, Petrus,  |d 1500-1557  |4 oth  |9 422451 
700 1 |a Hieronymus, Sophronius Eusebius,  |d asi 347-420  |4 oth  |9 128251 
700 1 |a Volaterrani, Raphaelis  |4 oth  |9 422452 
700 1 |a Beller, Joannes,  |d 1526-1595  |4 prt  |9 181072 
710 2 |a University of Cambridge  |4 hnr  |9 70180 
752 |a Belgicko  |d Antverpy 
852 |a snk  |b Historické fondy  |p IC 53565 
958 |a ONDV 
958 |a DA 
999 |c 673039  |d 674969 
952 |t Tlače 16. stor.  |a SNK  |b SNK  |c SNK_HF  |y PREZ  |7 0  |p 17A1484278  |o snkIC 53565  |i snkF 1860/72  |8 5  |0 0  |1 0  |4 0  |d 2022-03-18  |l 0  |r 2026-02-23 19:32:36  |w 2026-02-23